Joueurs ayant remporté le plus de Premier League - Statistiques

Statistiques générales
  • Ce quiz a été pris 230 fois
  • Le résultat moyen est 11 sur 31
Statistiques - réponses
Titres Joueur % Correct
5 Wayne Rooney
87%
5 Kevin De Bruyne
73%
13 Ryan Giggs
65%
5 Sergio Aguero
64%
6 Rio Ferdinand
63%
11 Paul Scholes
61%
5 Bernardo Silva
54%
5 Ederson
53%
5 Nemanja Vidic
48%
5 Patrice Evra
47%
5 Kyle Walker
40%
8 Gary Neville
38%
6 Phil Neville
38%
6 David Beckham
35%
5 Riyad Mahrez
31%
5 Andrew Cole
30%
5 Ilkay Gundogan
30%
5 John Stones
28%
5 Michael Carrick
27%
5 Phil Foden
27%
7 Roy Keane
24%
5 Fernandinho
23%
5 John Terry
23%
5 Peter Schmeichel
16%
5 Aymeric Laporte
15%
5 Darren Fletcher
8%
6 Ole gunnar solskjaer
8%
5 John O'Shea
5%
7 Denis Irvin
0%
6 Nicky Cul
0%
5 Wes Brun
0%
Aucun quiz correspondant
Distribution des résultats
% des personnes avec chaque résultat
Percentile par nombre de réponses
Votre historique - résultats
Vous n’avez pas pris ce quiz